000 00283nam a22001337a 4500
008 170911b xxu||||| |||| 00| 0 eng d
020 _a0471032298
041 _aeng
080 _a91
100 _a42
101 _aGJEO
245 _aSURFICIAL GEOLOGY
_cCOSTA,J.E
942 _2udc
_cBK
999 _c26955
_d26955